MARC

LEADER 00000nam0a2200000 4500
001 254605
005 20231101232942.0
010 |a 5020089303 
035 |a (RuTPU)RU\TPU\book\277091 
090 |a 254605 
100 |a 20140321d1988 k y0rusy50 ca 
101 0 |a rus 
102 |a RU 
105 |a a z 001zy 
200 1 |a Церковь в скандинавских странах  |f О. В. Чернышева, Ю. Д. Комаров 
210 |a Москва  |c Наука  |d 1988 
215 |a 176 с.  |c ил. 
225 1 |a Научно-популярная литература 
225 1 |a История и современность 
320 |a Библиогр.: с.173-175. 
606 1 |a Религия и церковь  |x История  |y Отдельные страны  |2 stltpush  |3 (RuTPU)RU\TPU\subj\73211  |9 86342 
610 1 |a Скандинавия 
610 1 |a скандинавские страны 
610 1 |a Швеция 
610 1 |a миссионерская деятельность 
610 1 |a религиозные организации 
610 1 |a Дания 
610 1 |a Норвегия 
610 1 |a 20 век 
686 |a Э29(4)  |v LBC/SL-A  |2 rubbk 
700 1 |a Чернышева  |b О. В.  |g Ольга Васильевна 
701 1 |a Комаров  |b Ю. Д.  |g Юрий Дмитриевич 
702 1 |a Кислова  |b А. А.  |4 340 
712 0 2 |a Академия наук СССР (АН СССР)  |2 stltpush  |3 (RuTPU)RU\TPU\col\722 
801 1 |a RU  |b 63413507  |c 20140321 
801 2 |a RU  |b 63413507  |c 20191106  |g RCR 
942 |c BK